| 000 | 00631nam a2200193 a 4500 | ||
|---|---|---|---|
| 005 | 20241023063843.0 | ||
| 008 | 030903s2001 mx r 000 0 spa d | ||
| 020 | _a9701866800 | ||
| 035 | _aUPN01000128436 | ||
| 049 | _aLT | ||
| 050 | 4 |
_aLB1644 M6.2 _bV5.8 |
|
| 245 | 0 | 0 |
_aVive la vida con valores 2 : _bsegundo grado de educación secundaria. |
| 260 |
_aCiudad Victoria : _bGobierno del Estado de Tamaulipas, _c2001. |
||
| 300 |
_a56 p. : _bil. |
||
| 440 | 0 | _aIntegración familiar | |
| 650 | 4 |
_aCivismo _xEstudio y enseñanza (Secundaria) _91512 |
|
| 650 | 4 |
_aValores _xEstudio y enseñanza (Secundaria) _9313 |
|
| 905 | _aLibro | ||
| 999 |
_c100615 _d100615 |
||